000 02121nam a22003257a 4500
001 TTS 0014
003 gtcocun
005 20260323193648.0
006 a||||gr|||| 00| 0
007 ta
008 260323b2005 gt ||||| m||| 00| 0 eng d
040 _agtcocun
_bSPA
_cgtcocun
_eRDA
041 _aSPA TTS 0014
084 _0TTS 0014
100 _aMollinedo Caceros, Neida Eugenia
_eAutor
245 _aLA PARTICIPACIÓN DIFERENCIADA DE HOMBRES Y MUJERES DE CUATRO ORGANIZACIONES RURALES DE LOS MUNICIPIOS DE LANQUÍN, CAHABÓN Y FRAY BARTOLOMÉ DE LAS CASAS, ALTA VERAPAZ/.
_cNeida Eugenia Mollinedo Caceros.
_hImpreso
264 _aCobán, Alta Verapaz:
_bUniversidad de San Carlos de Guatemala, Centro Universitario del Norte, Carrera de Trabajo Social
_c2005
300 _a94 p.:
_bIlustraciones, gráficas.
_c28 cm;
300 _cPDF
336 _2rdacontenido
_aTexto
_btxt
337 _2rdamedio
_aComputadora
_bn
338 _2rdasoporte
_aCódigo en línea
_bcr
502 _aTesis de grado
_bCarrera de Trabajo Social,
_cUniversidad de San Carlos de Guatemala, Centro Universitario del Norte, Carrera de Trabajo Social
_d2005
_oTTS 0014
_eTTS 0014
520 1 4 _aEsta investigación implicó desarrollar los procesos metodológicos siguientes; Definición del problema de Investigación, selección del método de conocimiento, el trabajo de campo, el análisis de la información, la utilización de estadística descriptiva (para datos nominales) la prueba de Chi Cuadrada, para relación de variables y/o datos no paramétricos y la aplicación de guías de entrevistas y observación para recabar la información necesaria.
650 _2LEMB
_aLanquín, Cahabón y Fray Bartolomé de Las Casas, Alta Verapaz
_xTrabajo Social
_xProcesos metodológicos
_xTrabajo de campo
_xEstadística descriptiva
_xEntrevistas
_xObservación
_xInvestigación
700 _aLic. Juan Aníbal Rojas
_eAsesor
856 _uhttps://drive.google.com/file/d/1gFDcwsnvUVEViNWng1h5PKCeKZt2Chz3/view
_yPDF
_zUn ejemplar en línea.
942 _2ddc
_cTES
_iTTS 0014
_kClasificación
_n0
_6TTS_0014_000000000000000
999 _c2740
_d2740